Statistics for Top 10 Most Visited Caribbean Island Countries and Territorries

Click here to take the quiz!

General Stats

  • This quiz has been taken 97 times
  • The average score is 7 of 10

Answer Stats

# of Tourists Answer % Correct
1,952,000Jamaica
100%
4,306,000Dominican Republic
94%
2,688,000Cuba
92%
1,346,000The Bahamas
88%
568,000Barbados
83%
3,048,000Puerto Rico
80%
870,000Aruba
55%
536,000U.S. Virgin Islands
54%
424,000Sint Maarten
53%
354,000Turks and Caicos Islands
34%

Score Distribution

Percentile by Number Answered

Percent of People with Each Score

Your Score History

You have not taken this quiz